00445 2200181 4500001002100000005001500021008004100036020001800077035001900095041000700114082001000121090001600131100001700147245003900164260002900203300002000232650001100252INLIS00000000001018820241224113945241224||||||||| | ||| |||| || |  a979-794-000-4 0010-1224010188 aid0 a004.6 a004.6 YAY m0 aYayan Sopyan00aMengenal dan Mengoptimalkan Google aJakartabMediakitac2006 axii+146hlm;19cm 0aGoogle